Silva Palentina / (Record no. 13787)

MARC details
000 -LEADER
campo de control de longitud fija 01232nam a2200325 i 4500
001 - NÚMERO DE CONTROL
campo de control 13787
003 - IDENTIFICADOR DE NÚMERO DE CONTROL
campo de control ES-MaACL
005 - FECHA Y HORA DE LA ÚLTIMA TRANSACCIÓN
campo de control 20230906150649.0
007 - CAMPO FIJO DE DESCRIPCIÓN FÍSICA--INFORMACIÓN GENERAL
campo de control de longitud fija t|
008 - DATOS DE LONGITUD FIJA--INFORMACIÓN GENERAL
campo de control de longitud fija 980706s1976 sp |||| | spa d
020 ## - NÚMERO INTERNACIONAL ESTÁNDAR DEL LIBRO
Número Internacional Estándar del Libro 84-500-7480-0
080 ## - NÚMERO DE LA CLASIFICACIÓN DECIMAL UNIVERSAL
Número de la Clasificación Decimal Universal 262.3(463.2)(091)".../15"(093.3)
080 ## - NÚMERO DE LA CLASIFICACIÓN DECIMAL UNIVERSAL
Número de la Clasificación Decimal Universal 946".../15"(093.3)
080 ## - NÚMERO DE LA CLASIFICACIÓN DECIMAL UNIVERSAL
Número de la Clasificación Decimal Universal 930:9".../15"(093.3)
100 1# - ENTRADA PRINCIPAL--NOMBRE DE PERSONA
Nombre de persona Fernández de Madrid, Alonso.
9 (RLIN) 49686
245 10 - MENCIÓN DEL TÍTULO
Título Silva Palentina /
Mención de responsabilidad, etc. compuesta por Alonso Fernández de Madrid ; nueva ed. preparada por... Jesús San Martín Payo... conforme a la anotada por... Matías Vielva y Ramón Revilla.
260 ## - PUBLICACIÓN, DISTRIBUCIÓN, ETC.
Lugar de publicación, distribución, etc. Palencia :
Nombre del editor, distribuidor, etc. Diputación Provincial,
Fecha de publicación, distribución, etc. 1976.
300 ## - DESCRIPCIÓN FÍSICA
Extensión XXXV, 849 p., 1h., 26 h. de lám. :
Otras características físicas il. ;
Dimensiones 25 cm.
490 1# - MENCIÓN DE SERIE
Mención de serie Pallantia ;
Designación de volumen o secuencia 1
500 ## - NOTA GENERAL
Nota general Índices.
651 #4 - PUNTO DE ACCESO ADICIONAL DE MATERIA--NOMBRE GEOGRÁFICO
Nombre geográfico Palencia (Provincia)-
Subdivisión general Historia eclesiástica-
Subdivisión de forma Fuentes.
9 (RLIN) 167859
651 #4 - PUNTO DE ACCESO ADICIONAL DE MATERIA--NOMBRE GEOGRÁFICO
Nombre geográfico España-
Subdivisión general Historia-
Subdivisión cronológica 0414-1474-
Subdivisión de forma Fuentes.
9 (RLIN) 157982
700 1# - ENTRADA AGREGADA--NOMBRE PERSONAL
Nombre de persona San Martín Payo, Jesús.
9 (RLIN) 102274
700 1# - ENTRADA AGREGADA--NOMBRE PERSONAL
Nombre de persona Vielva, Matías.
9 (RLIN) 114581
700 1# - ENTRADA AGREGADA--NOMBRE PERSONAL
Nombre de persona Revilla, Ramón.
9 (RLIN) 96434
710 1# - ENTRADA AGREGADA--NOMBRE DE ENTIDAD CORPORATIVA
Nombre de entidad corporativa o nombre de jurisdicción como elemento de entrada Palencia (Provincia).
Unidad subordinada Diputación Provincial.
9 (RLIN) 6107
830 0# - PUNTO DE ACCESO ADICIONAL DE SERIE-TÍTULO UNIFORME
Título uniforme Pallantia ;
Designación de volumen o secuencia 1
9 (RLIN) 228458
852 ## - LOCALIZACIÓN
Ubicación ES-MaACL
Número de control de estantería L-21189
Holdings
Estatus retirado Estado de pérdida Estado de daño No para préstamo Biblioteca de origen Biblioteca actual Ubicación en estantería Fecha de adquisición Fuente de adquisición Total de préstamos Signatura topográfica completa Código de barras Visto por última vez Precio de reemplazo Tipo de ítem Koha
        Biblioteca del Ateneo de Madrid Biblioteca del Ateneo de Madrid Depósito 2 17/01/2008     L-21189 1014031 23/02/2023 23/02/2023 Libro impreso